Δημοσθένης προς Λεπτίνην = Demosthenis oratio adversus Leptinem : cum argumentis graece et latine

Αποθηκεύτηκε σε:
Λεπτομέρειες βιβλιογραφικής εγγραφής
Κύριος συγγραφέας: Δημοσθένης, 384-322
Άλλοι συγγραφείς: Voemel, Johann Theodor, 1791-1868 (Επιμελητής έκδοσης)
Μορφή: Βιβλίο
Γλώσσα:Ancient Greek
Latin
Δημοσίευση: Lipsiae : In aedibus B.G. Teubneri, 1866.
Θέματα:
Ετικέτες: Προσθήκη ετικέτας
Δεν υπάρχουν, Καταχωρήστε ετικέτα πρώτοι!

MARC

LEADER 00000cam a2200000 i 4500
001 1/69167
008 150402s1866####gw | | ||| |||| ||grc||
035 |l 10121486 
040 |a GR-MyUA  |b gre  |e AACR2 
041 0 |a grc  |a lat 
082 0 |a 885.3   |2 (23)  
100 0 |a Δημοσθένης,   |d 384-322. 
245 1 0 |a Δημοσθένης προς Λεπτίνην =   |b Demosthenis oratio adversus Leptinem : cum argumentis graece et latine /   |c edidit I. Th. Voemelius.  
246 1 |i Παράλληλος τίτλος:   |a Demosthenis oratio adversus Leptinem  
260 |a Lipsiae :   |b In aedibus B.G. Teubneri,   |c 1866.  
300 |a 2 τ. σε 1, (200 σ., viii, 295 σ.) ;   |c 23 εκ.  
500 |a Στο verso ετικέτα "Τη Πορφυριάδι των Καρλοβασίων Σχολή, Κωνσταντίνος Κ. Νικολάου". Στο recto υπάρχει σφραγίδα "Πορφυριάς Αστική Σχολή Καρλοβασίων" με αρ. 423.  
600 0 7 |2 nlgaf  |a Δημοσθένης,   |d 384-322. 
650 0 0 |a Rhetoric, Ancient. 
700 1 |a Voemel, Johann Theodor,   |d 1791-1868,  |e edt 
852 |a INST  |b SAMOS  |c PORFYRIADA  |e 20150402  |h 885.3 ΔΗΜ  |p 005300042038  |q 005300042038  |t NOLOAN  |y 23 
901 |a BIBL3-2015-1 
909 |a Σ  |b 192059 
970 |a ΣΙΤΖΙΜΗ  |b ΓΙΑΣΕΜΗ  |z 2015/04/02